Poistiteľnosť rizika informačných a komunikačných systémov

Analýza ICS rizík a ich poistiteľnosti v súčasnom období. Toto poistné odvetvie v sebe skrýva obrovský potenciál, a preto poisťovne vyvíjajú intenzívne úsilie, aby problémy s poistiteľnosťou ICS rizík dokázali čo najrýchlejšie vyriešiť.

Salvato in:
Dettagli Bibliografici
Autore principale: Krátka, Zuzana, 1968-
Natura: Capitolo di libro
Lingua:slovacco
Soggetti:
Tags: Aggiungi Tag
Nessun Tag, puoi essere il primo ad aggiungerne!!

MARC

LEADER 00000nla$a2200000$$$4500
001 0064160
005 20240502071741.9
041 0 |a slo 
044 |a SK 
245 1 0 |a Poistiteľnosť rizika informačných a komunikačných systémov  |c Zuzana Krátka 
520 |a Analýza ICS rizík a ich poistiteľnosti v súčasnom období. Toto poistné odvetvie v sebe skrýva obrovský potenciál, a preto poisťovne vyvíjajú intenzívne úsilie, aby problémy s poistiteľnosťou ICS rizík dokázali čo najrýchlejšie vyriešiť. 
610 2 0 |a systémy informačné 
610 2 0 |a riadenie rizík 
610 2 0 |a riziko 
610 2 0 |a poistenie 
100 1 |a Krátka, Zuzana, 1968-